[Event "Wuerttemberg-ch U16"]
[Site "Friedrichshafen"]
[Date "2005.04.02"]
[Round "7"]
[White "Randelhoff, Achim"]
[Black "Fischer, Patrick"]
[Result "1-0"]
[WhiteElo "1901"]
[BlackElo "1709"]
[PlyCount "101"]
[EventDate "2005.03.29"]
[EventType "swiss"]
[EventRounds "7"]
[EventCountry "GER"]
[SourceTitle "EXT 2007"]
[Source "ChessBase"]
[SourceDate "2006.11.23"]
[SourceVersion "1"]
[SourceVersionDate "2006.11.23"]
[SourceQuality "1"]

1. e4 e6 2. d4 d5 3. Nd2 Nf6 4. e5 Nfd7 5. f4 c5 6. c3 Nc6 7. Ndf3 Qb6 8. Ne2 cxd4 9. cxd4 Be7 10. g3 f6 11. Bh3 Nf8 12. 0-0 fxe5 13. fxe5 Ng6 14. Kh1 Rf8 15. Bg4 Bd7 16. Bh5 0-0-0 17. Bxg6 hxg6 18. Nf4 g5 19. Ng6 Rf7 20. Nxe7+ Nxe7 21. Bxg5 Qxb2 22. Bxe7 Rxe7 23. Ng5 Rh8 24. Rc1+ Kb8 25. Rc2 Qb6 26. Nf7 Rxf7 27. Rxf7 Ba4 28. Rxg7 Qa6 29. Kg2 Rf8 30. Kh3 Bxc2 31. Qxc2 Qf1+ 32. Kh4 Rc8 33. Qh7 Qb5 34. g4 Qb6 35. Kh5 Qxd4 36. Rxb7+ Ka8 37. g5 Qd1+ 38. Kh6 Qd4 39. Kg6 Qe4+ 40. Kf6 Qd4 41. Qd7 Qf2+ 42. Kxe6 Rf8 43. Qe7 Qf5+ 44. Kd6 Qg6+ 45. e6 Rd8+ 46. Qxd8+ Kxb7 47. Qc7+ Ka6 48. Qc4+ Kb6 49. Qc6+ Ka5 50. Qc5+ Ka6 51. a4 1-0

[Event "Wuerttemberg-ch U16"]
[Site "Friedrichshafen"]
[Date "2005.03.30"]
[Round "4"]
[White "Randelhoff, Achim"]
[Black "Lange, Jan David"]
[Result "0-1"]
[WhiteElo "1901"]
[BlackElo "2021"]
[PlyCount "44"]
[EventDate "2005.03.29"]
[EventType "swiss"]
[EventRounds "7"]
[EventCountry "GER"]
[SourceTitle "EXT 2007"]
[Source "ChessBase"]
[SourceDate "2006.11.23"]
[SourceVersion "1"]
[SourceVersionDate "2006.11.23"]
[SourceQuality "1"]

1. e4 e6 2. d4 d5 3. Nd2 dxe4 4. Nxe4 Bd7 5. Nf3 Bc6 6. Bd3 Be7 7. 0-0 Bxe4 8. Bxe4 c6 9. Bf4 Nf6 10. Bd3 Nbd7 11. Ne5 Qb6 12. Bc4 0-0 13. Nxd7 Nxd7 14. Qe2 Qxb2 15. Rab1 Qxd4 16. Rfd1 Qxf4 17. Rxd7 Bc5 18. Rbxb7 Rad8 19. Bxe6 Qc1+ 20. Qf1 Bxf2+ 21. Kxf2 fxe6+ 22. Kg3 Qg5+ 0-1

[Event "Wuerttemberg-ch U16"]
[Site "Friedrichshafen"]
[Date "2005.03.29"]
[Round "2"]
[White "Geshnizjani, Ramin Tobias"]
[Black "Randelhoff, Achim"]
[Result "1-0"]
[WhiteElo "1876"]
[BlackElo "1901"]
[PlyCount "67"]
[EventDate "2005.03.29"]
[EventType "swiss"]
[EventRounds "7"]
[EventCountry "GER"]
[SourceTitle "EXT 2007"]
[Source "ChessBase"]
[SourceDate "2006.11.23"]
[SourceVersion "1"]
[SourceVersionDate "2006.11.23"]
[SourceQuality "1"]

1. e4 c6 2. d3 d5 3. Nd2 g6 4. Ngf3 Bg7 5. Be2 e5 6. c3 Be6 7. Qc2 c5 8. 0-0 Nc6 9. exd5 Qxd5 10. d4 Bf5 11. Qa4 cxd4 12. cxd4 e4 13. Re1 Nge7 14. Bc4 Qa5 15. Qxa5 Nxa5 16. Bb5+ Nac6 17. Nxe4 0-0 18. Bg5 f6 19. Bc4+ Kh8 20. Bf4 Bxe4 21. Rxe4 Nf5 22. Rae1 Rad8 23. d5 Na5 24. Bc7 Nxc4 25. Bxd8 Ncd6 26. Be7 Nxe7 27. Rxe7 f5 28. Ne5 Bf6 29. Re6 Bxe5 30. R1xe5 Nc4 31. Re8 Nxe5 32. Rxf8+ Kg7 33. Re8 Kf6 34. Re6+ 1-0

[Event "Wuertemberg-ch U16"]
[Site "Germany"]
[Date "2004.04.14"]
[Round "4"]
[White "Geshnizjani, Ramin Tobias"]
[Black "Randelhoff, Achim"]
[Result "0-1"]
[WhiteElo "1736"]
[BlackElo "1766"]
[PlyCount "68"]
[EventDate "2004.04.??"]
[EventType "swiss"]
[EventRounds "7"]
[EventCountry "GER"]
[SourceTitle "EXT 2005"]
[Source "ChessBase"]
[SourceDate "2004.11.15"]
[SourceVersion "1"]
[SourceVersionDate "2004.11.15"]
[SourceQuality "1"]

1. e4 c6 2. d4 d5 3. exd5 cxd5 4. c4 Nf6 5. Nc3 e6 6. Nf3 Bb4 7. Bd2 Nc6 8. cxd5 Nxd5 9. Bd3 0-0 10. 0-0 b6 11. a3 Be7 12. Qe2 Nf6 13. Ne4 Bb7 14. Rad1 Rc8 15. Bg5 Nd5 16. Bxe7 Qxe7 17. Neg5 h6 18. Nh3 Rfd8 19. Ne5 Nf6 20. Nxc6 Rxc6 21. Bc4 Rcd6 22. Qe5 a6 23. a4 Qd7 24. b3 Rxd4 25. Rxd4 Qxd4 26. Qc7 Rd7 27. Qb8+ Kh7 28. Nf4 e5 29. Nd3 Qe4 30. f3 Qd4+ 31. Rf2 e4 32. Ne5 e3 33. Nxd7 exf2+ 34. Kf1 Qxd7 0-1

[Event "Stuttgart-chA"]
[Site "Stuttgart"]
[Date "2004.??.??"]
[Round "?"]
[White "Randelhoff, Achim"]
[Black "Braun, Ruediger Thomas"]
[Result "0-1"]
[WhiteElo "1720"]
[BlackElo "2085"]
[PlyCount "102"]
[EventDate "2004.05.20"]
[EventType "swiss"]
[EventRounds "7"]
[EventCountry "GER"]
[SourceTitle "EXT 2007"]
[Source "ChessBase"]
[SourceDate "2006.11.23"]
[SourceVersion "1"]
[SourceVersionDate "2006.11.23"]
[SourceQuality "1"]

1. e4 e5 2. Nf3 Nc6 3. Nc3 Nf6 4. Bb5 d6 5. 0-0 a6 6. Ba4 b5 7. Bb3 Na5 8. d3 Nxb3 9. axb3 Bb7 10. Re1 Be7 11. Nh4 h5 12. Nf5 Bf8 13. f4 g6 14. fxe5 dxe5 15. Ne3 Bc5 16. Qf3 Ng4 17. h3 Qh4 18. Rf1 0-0-0 19. b4 Nxe3 20. Bxe3 Bxb4 21. Qxf7 Rde8 22. Qxg6 Bxc3 23. bxc3 Rhg8 24. Qf5+ Kb8 25. Bf2 Qe7 26. Qxh5 Rg5 27. Qe2 Bc8 28. Qe3 c6 29. Bh4 Rxg2+ 30. Kxg2 Qxh4 31. Qg3 Qh8 32. Kh2 Qh6 33. Rad1 Ka8 34. Rf3 Rh8 35. d4 Bxh3 36. Qxh3 Qg7 37. d5 Rxh3+ 38. Rxh3 Qg4 39. Re1 Kb7 40. d6 Qf4+ 41. Kh1 Qd2 42. Ree3 Qxd6 43. Rd3 Qf6 44. Kg2 Qg5+ 45. Kf3 Qf4+ 46. Ke2 Qxe4+ 47. Kd2 Qf4+ 48. Rhe3 a5 49. Rd7+ Kb6 50. Re7 Qh2+ 51. Re2 Qh6+ 0-1

[Event "Stuttgart-chA"]
[Site "Stuttgart"]
[Date "2004.??.??"]
[Round "?"]
[White "Ruprich, Udo"]
[Black "Randelhoff, Achim"]
[Result "1-0"]
[WhiteElo "2000"]
[BlackElo "1720"]
[PlyCount "73"]
[EventDate "2004.05.20"]
[EventType "swiss"]
[EventRounds "7"]
[EventCountry "GER"]
[SourceTitle "EXT 2007"]
[Source "ChessBase"]
[SourceDate "2006.11.23"]
[SourceVersion "1"]
[SourceVersionDate "2006.11.23"]
[SourceQuality "1"]

1. e4 c6 2. d4 d5 3. Nc3 dxe4 4. Nxe4 Bf5 5. Ng3 Bg6 6. Nf3 Nd7 7. h4 h6 8. Bd3 Bxd3 9. Qxd3 Ngf6 10. Be3 e6 11. 0-0-0 Qc7 12. Rhe1 Be7 13. Qd2 Bd6 14. Ne2 Ne4 15. Qd3 Ndf6 16. g4 g5 17. hxg5 Nxg5 18. Nxg5 hxg5 19. f3 Rg8 20. Qd2 Nh7 21. Rh1 f5 22. gxf5 exf5 23. Rdg1 g4 24. fxg4 fxg4 25. Qd3 Nf6 26. Qf5 Qg7 27. Bh6 Qf7 28. Ng3 Be7 29. Re1 Rd8 30. Rhf1 Rg6 31. Bd2 Qg8 32. Bb4 Nd5 33. Bxe7 Nxe7 34. Qe5 Qg7 35. Nf5 Qxe5 36. Rxe5 Rd7 37. Rfe1 1-0

[Event "Wuerttemberg-ch U14"]
[Site "Stuttgart"]
[Date "2003.04.24"]
[Round "4"]
[White "Randelhoff, Achim"]
[Black "Daut, Matthias"]
[Result "1/2-1/2"]
[WhiteElo "1358"]
[BlackElo "1515"]
[PlyCount "91"]
[EventDate "2003.04.??"]
[EventType "swiss"]
[EventRounds "7"]
[EventCountry "GER"]
[SourceTitle "EXT 2005"]
[Source "ChessBase"]
[SourceDate "2004.11.15"]
[SourceVersion "1"]
[SourceVersionDate "2004.11.15"]
[SourceQuality "1"]

1. e4 c5 2. Nf3 d6 3. Nc3 Nf6 4. d4 cxd4 5. Nxd4 a6 6. Bc4 e6 7. Qf3 Nbd7 8. 0-0 Qc7 9. Bb3 b5 10. Qe2 Be7 11. f3 Bb7 12. Re1 Nc5 13. Be3 0-0 14. a3 h6 15. Ba2 Rfe8 16. Rad1 Rac8 17. Rd2 Kh8 18. Red1 Ncd7 19. Bf2 Ne5 20. Bg3 Nc4 21. Bxc4 Qxc4 22. Qxc4 Rxc4 23. Nb3 e5 24. Na5 Rc7 25. Nxb7 Rxb7 26. Nd5 Nxd5 27. Rxd5 b4 28. axb4 Rxb4 29. b3 Rc8 30. R5d2 Rb7 31. Ra1 Rb6 32. Kf1 Rbc6 33. Ra2 Kh7 34. Ke1 Kg6 35. Kd1 Bd8 36. Be1 Rb8 37. Rd5 Bc7 38. Ba5 Bxa5 39. Rdxa5 Rbb6 40. Kd2 Kf6 41. Kd3 Ke6 42. R2a4 g5 43. g4 Kd7 44. b4 Ke6 45. c4 Kd7 46. h3 1/2-1/2